Państwa bez liter P,A,Ń,S,T,W,O - Statystyki

Ogólne statystyki
  • Ten quiz został rozwiązany 1 042 razy
    967 od ostatniego zresetowania
  • Średni wynik to 6 z 12
Statystyki odpowiedzi
Państwa % Poprawnych
Chile
73%
Niemcy
70%
Czechy
66%
Chiny
64%
Fidżi
60%
Indie
56%
Belize
52%
Jemen
46%
Niger
35%
Benin
33%
Brunei
33%
Burundi
28%
Nie znaleziono quizów pasujących do podanych kryteriów
Rozkład punktacji
Procent ludzi z każdym wynikiem
Percentyl według liczby udzielonych odpowiedzi
Twoja historia wyników
Nie rozwiązałeś tego quizu od ostatniego zresetowania